000 00975nam a22002297a 4500
001 000056283
003 DO-SdBNP
005 20180403095059.0
008 160531b 1996 sp xxu||||| |||| 00| 0 spa d
040 _aBPMSU
_bsp
_cBPMSU
092 _axxxxx
_bxxxxx
245 1 0 _aCuentos latinoamericanos :
_bantología /
_cedición y prólogo, Conrado Zuluaga.
260 _aBogotá, Colombia :
_bAlfaguara,
_c2006.
300 _a134 p. ;
_c22 cm.
490 1 _aJuvenil Alfaguara.
505 _tHombre de la esquina rosada /
_tLa autopista del ser /
_rJorge Luis Borges --
_t Los fugitivos /
_r Alejo Carpentier --
_tNos han dado la tierra / Juan Rulfo --
_rJulio Cortazar --
_tRecuerdo de las sierras / Adolfo Bioy Casares --
_tEn este pueblo no hay ladrones /
_rGabriel Garcia Marquez.
700 1 2 _aZuluaga, Conrado,
_eed., pról.
830 _pJuvenil Alfaguara.
942 _2ddc
_cBK
945 _ainventariado 2018 / dg
956 _2LOPEREZ
_310
_620160531
_8BPMSU
_a00041
999 _c10473
_d10473